Countries with Zoroastrians - Statistics

General Stats
  • This quiz has been taken 60 times
  • The average score is 8 of 13
Answer Stats
Zoroastrians Country % Correct
25,271 Iran
98%
50,000 India
91%
5,000 Iraq (Kurdistan)
91%
14,405 United States
89%
7,285 Canada
85%
2,348 Pakistan
85%
2,577 Australia
66%
1,900 Gulf Cooperation Council
57%
1,231 New Zealand
57%
63 China
55%
1,000 Uzbekistan
40%
372 Singapore
23%
204 Hong Kong
2%
No matching quizzes found
Score Distribution
Percent of People with Each Score
Percentile by Number Answered
Your Score History
You have not taken this quiz